RECYCLING 2016 : možnosti a perspektivy recyklace stavebních odpadů jako zdroje plnohodnotných surovin. Sborník přednášek 21. ročníku konference. Brno, ČR, 7. - 8. 4. 2016

Guardado en:
Detalles Bibliográficos
Autor Corporativo: RECYCLING 2016 Brno, Česká republika
Formato: Procedimiento de la Conferencia Libro
Lenguaje:checo
eslovaco
alemán
Publicado: Brno : Vysoké učení technické v Brně - Fakulta strojního inženýrství, 2016
Etiquetas: Agregar Etiqueta
Sin Etiquetas, Sea el primero en etiquetar este registro!

MARC

LEADER 00000nam a22000003a 4500
001 0013794
003 SK-STU
005 20160413141720.4
007 ta
008 150608s ----xo-----e------100-0-----d
020 |a 978-80-214-5331-9 
040 |a STU  |b slo 
041 0 |a cze  |a slo  |a ger 
044 |a xr 
111 2 |a RECYCLING 2016  |n 21.  |d 7. - 8. 4. 2016  |c Brno, Česká republika 
245 1 0 |a RECYCLING 2016 :  |b možnosti a perspektivy recyklace stavebních odpadů jako zdroje plnohodnotných surovin. Sborník přednášek 21. ročníku konference. Brno, ČR, 7. - 8. 4. 2016 
260 |a Brno :  |b Vysoké učení technické v Brně - Fakulta strojního inženýrství,  |c 2016 
300 |a 119 s. 
996 |c V* 2299/sc-16  |l VV15  |s P  |a 0  |w 0013794_0001 
996 |c V* 2300/sc-16  |l VV15  |s P  |a 0  |w 0013794_0002